|
|
|
|
| LEADER |
01016nam a22002657a 4500 |
| 001 |
41204 |
| 003 |
BD-DhAAL |
| 005 |
20230518151514.0 |
| 008 |
230518t2004 ko a|||| |||| 00| 0 kor d |
| 020 |
|
|
|a 9788937830280
|
| 020 |
|
|
|a 9788937830280
|
| 040 |
|
|
|a BD-DhAAL
|d BD-DhAAL
|
| 082 |
|
|
|a 658
|2 22
|
| 100 |
|
|
|a Kaseda, Shinichi
|9 54286
|
| 245 |
|
|
|a No.1 planning ability /
|c Shinichi Kaseda, Translated by Jeyeol Woo.
|
| 260 |
|
|
|a Seoul, Korean :
|b Daehan Textbook,
|c 2004.
|
| 300 |
|
|
|a 216 pages :
|b illustrations ;
|c 23 cm.
|
| 541 |
|
|
|a Complimentary copy from Dr. Sang Hoon Lee, Dean of Brac Business School, Brac University
|e 41214
|
| 650 |
|
|
|a Management.
|
| 650 |
|
|
|a Industrial management.
|
| 700 |
|
|
|a Woo, Jeyeol
|9 54287
|
| 852 |
|
|
|a Ayesha Abed Library
|c General Stacks
|
| 942 |
|
|
|2 ddc
|c BK
|
| 999 |
|
|
|c 45777
|d 45777
|
| 952 |
|
|
|0 0
|1 0
|2 ddc
|4 0
|6 658_000000000000000_KAS
|7 0
|9 73655
|a BRACUL
|b BRACUL
|c GEN
|d 2023-05-18
|e Complimentary copy from Dr. Sang Hoon Lee
|l 0
|o 658 KAS
|p 3010041214
|r 2023-05-18
|t 1
|w 2023-05-18
|y BK
|